| 000 | 00404nam a2200145 a 4500 | ||
|---|---|---|---|
| 001 | 000028942 | ||
| 005 | 20200930055230.0 | ||
| 008 | 110412s1970 dr 000 0 spa d | ||
| 040 |
_aDO-SdBNP _bspa _cBNPHU |
||
| 082 |
_axxxx _bS623c |
||
| 245 | 0 | 3 |
_aEl sistema de créditos universitarios : _bque es y como funciona. |
| 260 |
_aSanto Domingo : _bUASD, _c1970. |
||
| 300 |
_a8 p. ; _c21 cm. |
||
| 049 | _aBNPD | ||
| 999 |
_c28434 _d28434 |
||